Notas sobre la biología de Uca (Minuca) Panamensis (Stimpson, 1859) Crustacea, (Ocipodidae) y su distribución en Colombia (Registro nro. 16103)

Detalles MARC
000 -CABECERA
Campo de control 004520000a22001210004500
090 ## - CLASIFICACIÓN LOCAL
Colección AS
Consecutivo Seriadas
041 0# - IDIOMA
Código de idioma para texto/pista de sonido o título separado
100 1# - ASIENTO PRINCIPAL--NOMBRE PERSONAL
Nombre personal Von Prahl, Henry
245 10 - MENCION DE TITULO
Título Notas sobre la biología de Uca (Minuca) Panamensis (Stimpson, 1859) Crustacea, (Ocipodidae) y su distribución en Colombia
700 1# - ASIENTO SECUNDARIO - NOMBRE PERSONAL
Nombre personal Guhl, Felipe
773 1# - Item fuente:
Título Anales del Instituto de Investigaciones Marinas de Punta de Betín
Descripción física 11
Paginas del Articulo 147-152
Lugar, editorial y fecha de publicación 1979
942 ## - ELEMENTOS ADICIONALES (KOHA)
Tipo de ítem Artículo

No hay ítems disponibles.